Engineering mechanics. (Record no. 15041)
[ view plain ]
| 000 -LEADER | |
|---|---|
| fixed length control field | 01450nac a22002771u 4500 |
| 008 - FIXED-LENGTH DATA ELEMENTS--GENERAL INFORMATION | |
| fixed length control field | 091208t xxu||||| |||| 00| 0 eng d |
| 010 ## - LIBRARY OF CONGRESS CONTROL NUMBER | |
| LC control number | 2004269766 |
| 020 ## - INTERNATIONAL STANDARD BOOK NUMBER | |
| International Standard Book Number | 9810681380 |
| 020 ## - INTERNATIONAL STANDARD BOOK NUMBER | |
| International Standard Book Number | 9789810681388 |
| 082 00 - DEWEY DECIMAL CLASSIFICATION NUMBER | |
| Classification number | 620.105 |
| Item number | HIB |
| 100 ## - MAIN ENTRY--PERSONAL NAME | |
| Personal name | Schiavone, Peter. |
| 9 (RLIN) | 9742 |
| 245 10 - TITLE STATEMENT | |
| Title | Engineering Mechanics : |
| Remainder of title | Dynamic : Dynamics Study Pack Chapter Reviews, Free Body Diagram Work Book / |
| Statement of responsibility, etc | Peter Schiavone; R.C. Hibbeler |
| 246 30 - VARYING FORM OF TITLE | |
| Title proper/short title | Statics. |
| 250 ## - EDITION STATEMENT | |
| Edition statement | 12th ed. |
| 260 ## - PUBLICATION, DISTRIBUTION, ETC. (IMPRINT) | |
| Place of publication, distribution, etc | Upper Saddle River, NJ : |
| Name of publisher, distributor, etc | Prentice Hall, 2010 |
| Date of publication, distribution, etc | 2010 |
| 300 ## - PHYSICAL DESCRIPTION | |
| Extent | 160 p. : |
| Other physical details | ill. ; |
| Dimensions | 25 cm. |
| 650 #0 - SUBJECT ADDED ENTRY--TOPICAL TERM | |
| Topical term or geographic name as entry element | Dynamics. |
| 9 (RLIN) | 18767 |
| 650 #0 - SUBJECT ADDED ENTRY--TOPICAL TERM | |
| Topical term or geographic name as entry element | Dynamics |
| 9 (RLIN) | 22678 |
| General subdivision | problems, exercises |
| 700 ## - ADDED ENTRY--PERSONAL NAME | |
| Personal name | Hibbeler, R. C. |
| 9 (RLIN) | 10021 |
| 942 ## - ADDED ENTRY ELEMENTS (KOHA) | |
| Item type | NB - Book (Non borrowing) |
| Call number prefix | 620.105 HIB |
| Source of classification or shelving scheme | Dewey Decimal Classification |
| Withdrawn status | Item status | Source of classification or shelving scheme | Damaged status | Not for loan | Vendor | Home library | Current library | Shelving location | Date acquired | Source of acquisition | Total Checkouts | Full call number | Barcode | Date last seen | Koha item type | Total Renewals | Date last borrowed |
|---|---|---|---|---|---|---|---|---|---|---|---|---|---|---|---|---|---|
| Dewey Decimal Classification | Baccah | Central Library | Central Library | First floor | 22/03/2011 | 620.105 HIB | 000023082 | 15/07/2025 | NB - Book (Non borrowing) | ||||||||
| Dewey Decimal Classification | Baccah | Central Library | Central Library | First floor | 22/03/2011 | 1 | 620.105 HIB | 000023083 | 15/07/2025 | Book - Borrowing | 3 | 03/11/2014 | |||||
| Dewey Decimal Classification | Baccah | Central Library | Central Library | First floor | 22/03/2011 | 1 | 620.105 HIB | 000023084 | 15/07/2025 | Book - Borrowing | 19 | 15/02/2017 | |||||
| Dewey Decimal Classification | Baccah | Central Library | Central Library | First floor | 22/03/2011 | 2 | 620.105 HIB | 000023085 | 15/07/2025 | Book - Borrowing | 8 | 05/04/2017 | |||||
| Dewey Decimal Classification | Baccah | Central Library | Central Library | First floor | 11/10/2011 | 1 | 620.105 HIB | 000025377 | 15/07/2025 | Book - Borrowing | 08/12/2014 | ||||||
| Dewey Decimal Classification | Central Library | Central Library | First floor | 25/02/2018 | 620.105 HIB | 000047285 | 15/07/2025 | NB - Book (Non borrowing) |